000 00678nam a2200241 a 4500
001 BRCA_7011
005 20190320205658.0
008 231111s1958----u--ab#####---#000-0#eng-#
041 _au
044 _aeng
050 4 _aSB409
_b.S39 1958
100 1 _aSchweinfurth, Charles
_917441
245 1 0 _aOrchids of Peru
_cCharles Schweinfurth.
260 _aEstados Unidos
_bChicago Natural History Museum
_c1958
300 _a260 p.
_bil., mapas
_c24 cm.
440 0 _aFieldiana: Botany
_v30
_917442
500 _aNúmero 1, abril 9, 1958
500 _aIncluye lista de ilustraciones
500 _aI171
650 1 4 _aOrquídeas
_zPerú
_917443
902 _aGFM
942 _2lcc
_cB
999 _c6692
_d6692